KOHA-Header-6

Introduction to Digital Signal Processing (Record no. 358)

000 -LEADER
fixed length control field 00333nam a2200121Ia 4500
008 - FIXED-LENGTH DATA ELEMENTS--GENERAL INFORMATION
fixed length control field 190722s9999 xx 000 0 und d
020 ## - INTERNATIONAL STANDARD BOOK NUMBER
International Standard Book Number 978-93-325-6013-0
100 ## - MAIN ENTRY--PERSONAL NAME
Personal name Johanny R. Johnson
245 #0 - TITLE STATEMENT
Title Introduction to Digital Signal Processing
260 ## - PUBLICATION, DISTRIBUTION, ETC. (IMPRINT)
Place of publication, distribution, etc India
Name of publisher, distributor, etc Pearson India Education Services
Date of publication, distribution, etc 2016
300 ## - PHYSICAL DESCRIPTION
Extent 407
942 ## - ADDED ENTRY ELEMENTS (KOHA)
Koha item type Books
Holdings
Withdrawn status Lost status Damaged status Not for loan Collection code Permanent Location Current Location Shelving location Date acquired Full call number Barcode Date last seen Price effective from Koha item type
        Electrical Engineering MAJU MAJU Shelf No.A34 2019-07-22 621.38 6984 2019-07-22 2019-07-22 Electrical Engineering

Powered by Koha